The art of problem solving / (Record no. 1851)

MARC details
000 -LEADER
fixed length control field 00692nam a22002057a 4500
005 - DATE AND TIME OF LATEST TRANSACTION
control field 20230315015436.0
008 - FIXED-LENGTH DATA ELEMENTS--GENERAL INFORMATION
fixed length control field 230315b |||||||| |||| 00| 0 eng d
020 ## - INTERNATIONAL STANDARD BOOK NUMBER
International Standard Book Number 978-621-8035-08-9
082 ## - DEWEY DECIMAL CLASSIFICATION NUMBER
Classification number Fil. 510.76 C172 2016
100 ## - MAIN ENTRY--PERSONAL NAME
Personal name Camarista, Genesis G.
Relator term author
245 ## - TITLE STATEMENT
Title The art of problem solving /
Statement of responsibility, etc. Genesis G. Camarista; Sunny G. Gabinete, editor
250 ## - EDITION STATEMENT
Edition statement rev. ed.
260 ## - PUBLICATION, DISTRIBUTION, ETC.
Place of publication, distribution, etc. Manila:
Name of publisher, distributor, etc. Lorimar Publishing,
Date of publication, distribution, etc. c2016
300 ## - PHYSICAL DESCRIPTION
Extent v, 100p.:
Other physical details ill.
504 ## - BIBLIOGRAPHY, ETC. NOTE
Bibliography, etc. note Includes bibliographies
541 ## - IMMEDIATE SOURCE OF ACQUISITION NOTE
Accession number 5597 c.1, 5598 c.2, 5599 c.3, 5600 c.4, 5601 c.5
650 ## - SUBJECT ADDED ENTRY--TOPICAL TERM
Topical term or geographic name entry element Problem solving
650 ## - SUBJECT ADDED ENTRY--TOPICAL TERM
Topical term or geographic name entry element Mathematics - Problems, exercises, etc.
700 ## - ADDED ENTRY--PERSONAL NAME
Personal name Gabinete, Sunny G.
Relator term editor
Holdings
Withdrawn status Lost status Source of classification or shelving scheme Damaged status Not for loan Home library Current library Date acquired Total Checkouts Full call number Barcode Date last seen Copy number Price effective from Koha item type
    Dewey Decimal Classification     ctu-moalboal ctu-moalboal 01/14/2019   Fil. 510.76 C172 2016 5597 03/15/2023 1 03/15/2023 Books-Filipiniana
    Dewey Decimal Classification     ctu-moalboal ctu-moalboal 01/14/2019   Fil. 510.76 C172 2016 5598 03/15/2023 2 03/15/2023 Books-Filipiniana
    Dewey Decimal Classification     ctu-moalboal ctu-moalboal 01/14/2019   Fil. 510.76 C172 2016 5599 03/15/2023 3 03/15/2023 Books-Filipiniana
    Dewey Decimal Classification     ctu-moalboal ctu-moalboal 01/14/2019   Fil. 510.76 C172 2016 5600 03/15/2023 4 03/15/2023 Books-Filipiniana
    Dewey Decimal Classification     ctu-moalboal ctu-moalboal 01/14/2019   Fil. 510.76 C172 2016 5601 03/15/2023 5 03/15/2023 Books-Filipiniana